Basic Elements of Integral Management in Small and Medium-Sized Companies in the Czech Republic

Analýza implementácie prvkov integrálneho riadenia v MSP v ČR prostredníctvom dotazníkov. Výsledky preukázali tri zložky (sektory) organizačného manažmentu a to: obehovú ekonomiku, zákonnosť a sociálnu kultúru.

Enregistré dans:
Détails bibliographiques
Auteur principal: Nesiba, Jiří
Autres auteurs: Čuhlová, Renáta
Format: Chapitre de livre
Langue:anglais
Sujets:
Tags: Ajouter un tag
Pas de tags, Soyez le premier à ajouter un tag!

MARC

LEADER 00000naa a2200000 4500
001 0279185
005 20211020104138.6
041 0 |a eng 
044 |a CZ 
245 1 0 |a Basic Elements of Integral Management in Small and Medium-Sized Companies in the Czech Republic  |c Jiří Nesiba, Renáta Čuhlová 
520 |a Analýza implementácie prvkov integrálneho riadenia v MSP v ČR prostredníctvom dotazníkov. Výsledky preukázali tri zložky (sektory) organizačného manažmentu a to: obehovú ekonomiku, zákonnosť a sociálnu kultúru. 
610 2 0 |a manažment 
610 2 0 |a podnik malý 
610 2 0 |a podnik stredný 
610 2 0 |a dotazníky 
610 2 0 |a Česko 
100 1 |a Nesiba, Jiří 
700 1 |a Čuhlová, Renáta